Statistics for How I Met Your Mother Interventions

Click here to take the quiz!

General Stats

  • This quiz has been taken 3,174 times
  • The average score is 6 of 14

Answer Stats

CharacterReason% Correct
TedStella
68%
EveryoneIntervention
66%
StuartDrinking
65%
BarneyMagic Tricks
65%
MarshallThe Hat
61%
LilyBritish Accent
58%
BarneyMoving in with Quinn
43%
RobinSpray Tans
39%
RobinBarney
26%
MarshallCharts
25%
BarneyOld Man Suit
18%
BarneyMeet his father again
16%
TedZoey
13%
TedPronunciation
12%

Score Distribution

Percentile by Number Answered

Percent of People with Each Score

Your Score History

You have not taken this quiz